000 00239 a2200097 4500
020 _a9780545403429
041 _aeng
100 _aBrown, Jeff
245 _aFlat Stanley's World Wide Adventures, The australian boomerang bonanza
942 _cBK
999 _c31291
_d31289